The factors behind the US failure in Afghanistan: Impending challenges under Taliban rule (Record no. 529096)

000 -LEADER
fixed length control field 00778nam a22001337a 4500
008 - FIXED-LENGTH DATA ELEMENTS--GENERAL INFORMATION
fixed length control field 250220b ||||| |||| 00| 0 eng d
100 ## - MAIN ENTRY--PERSONAL NAME
Personal name Mishra, Manoj Kumar
245 ## - TITLE STATEMENT
Title The factors behind the US failure in Afghanistan: Impending challenges under Taliban rule
260 ## - PUBLICATION, DISTRIBUTION, ETC. (IMPRINT)
Place of publication, distribution, etc World Affairs: The Journal of International Issues
300 ## - PHYSICAL DESCRIPTION
Extent 28(4), Oct-Dec, 2024: p.72-89
520 ## - SUMMARY, ETC.
Summary, etc The article gives an account of the factors that led the united states armed finesse to exit Afghanistan as and when they did in August 2021 after twenty years of presence, leaving the country at the mercy of the Taliban which successive US government had tried to eradicate. – Reproduced
773 ## - HOST ITEM ENTRY
Main entry heading World Affairs: The Journal of International Issues
942 ## - ADDED ENTRY ELEMENTS (KOHA)
Item type Articles
Holdings
Withdrawn status Lost status Source of classification or shelving scheme Damaged status Not for loan Permanent location Current location Date acquired Serial Enumeration / chronology Barcode Date last seen Koha item type
          Indian Institute of Public Administration Indian Institute of Public Administration 2025-02-20 28(4), Oct-Dec, 2024: p.72-89 AR135249 2025-02-20 Articles

Powered by Koha